| 000 | 00600nam a2200193Ia 4500 | ||
|---|---|---|---|
| 008 | 140626s9999 xx 000 0 und d | ||
| 100 | _aLoft, Shayne. | ||
| 245 |
_aProspective memory in an air traffic control simulation : _bexternal aids that signal when to act / _cShayne Loft ... [et al.]. |
||
| 260 | _cc2011. | ||
| 300 | _a17 : 1, page 60 | ||
| 440 | _aJournal of Experimental Psycholgy: Applied | ||
| 521 | _aPSYCH | ||
| 650 | _aAir traffic control. | ||
| 650 | _aAutomation. | ||
| 650 | _aProspective memory. | ||
| 650 | _aReminders. | ||
| 650 | _aTask interference. | ||
| 942 | _cSE | ||
| 999 |
_c121307 _d121307 |
||